[Event "European Blitz Championship 2021"]
[Site "Katowice"]
[Date "2021.12.17"]
[Round "15.2"]
[White "Danielyan, Vahe"]
[Black "Klekowski, Maciej"]
[Result "1-0"]
[WhiteElo "2332"]
[BlackElo "2499"]
[Annotator "ChessBase"]
[PlyCount "109"]
[EventDate "2021.12.17"]
[EventType "swiss"]
[EventCountry "POL"]
[SourceTitle "playchess.com"]
[Source "ChessBase"]
[SourceQuality "1"]

1. e4 c5 2. Nc3 Nc6 3. Bb5 Nd4 4. Bc4 e6 5. Nge2 a6 6. d3 Nf6 7. O-O d6 8. Nxd4
cxd4 9. Ne2 b5 10. Bb3 Qb6 11. c3 dxc3 12. Be3 Qb7 13. bxc3 Be7 14. h3 d5 15.
e5 Nd7 16. d4 Nb6 17. Ng3 g6 18. Bh6 Bd7 19. Qf3 Rc8 20. Ne2 Nc4 21. Bxc4 Rxc4
22. Rfb1 Qc7 23. Bg7 Rg8 24. Bf6 Bxf6 25. exf6 g5 26. Qh5 Rg6 27. Qxh7 Rxf6 28.
Qg8+ Ke7 29. Qxg5 Qd8 30. a4 Ke8 31. axb5 Bxb5 32. Rxb5 axb5 33. Ra8 Rc8 34.
Rxc8 Qxc8 35. Qxf6 Qc4 36. Qe5 Qd3 37. Qe3 Qc2 38. Kh2 Kd7 39. Nf4 Kc7 40. h4
Kb6 41. h5 Qf5 42. Qf3 Ka5 43. g4 Qh7 44. Kg3 Ka4 45. Nd3 f5 46. g5 Qc7+ 47.
Ne5 Qe7 48. Qf4 Qa3 49. g6 Qxc3+ 50. Kh4 b4 51. g7 Qc8 52. Qg3 Qg8 53. Nd7 Qd8+
54. Kh3 Qg8 55. Nf6 1-0

[Event "European Blitz Championship 2021"]
[Site "Katowice"]
[Date "2021.12.17"]
[Round "15.3"]
[White "Blohberger, Felix"]
[Black "Durarbayli, Vasif"]
[Result "1/2-1/2"]
[WhiteElo "2490"]
[BlackElo "2629"]
[Annotator "RC"]
[PlyCount "95"]
[EventDate "2021.12.17"]
[EventType "swiss"]
[EventCountry "POL"]
[SourceTitle "playchess.com"]
[Source "ChessBase"]
[SourceQuality "1"]

1. d4 Nf6 2. Nf3 e6 3. Bf4 b6 4. e3 Bb7 5. Bd3 Be7 6. h3 c5 7. c3 O-O 8. O-O d6
9. Re1 Nbd7 10. e4 h6 11. Bh2 Rc8 12. a3 Nh7 13. d5 e5 14. a4 c4 15. Bf1 f5 16.
exf5 Ndf6 17. Na3 Bxd5 18. Nd2 Qd7 19. Ndxc4 Bc6 20. Nb5 Nd5 21. Ncxd6 Bxd6 22.
Nxd6 Qxd6 23. c4 Rxf5 24. cxd5 Qxd5 25. Qxd5+ Bxd5 26. Rxe5 Rxe5 27. Bxe5 Ng5
28. Rd1 Be6 29. f3 Kf7 30. Bc3 Nh7 31. a5 Nf6 32. axb6 axb6 33. Bxf6 gxf6 34.
Rd6 Rc1 35. Rd4 b5 36. Kf2 Rc2+ 37. Kg3 Rxb2 38. Bd3 b4 39. Bc4 Bxc4 40. Rxc4
Kg6 41. Rc5 Rd2 42. Rb5 Rd4 43. Kf2 h5 44. Ke3 Rc4 45. g3 Rc3+ 46. Kf4 Rc4+ 47.
Ke3 Rc3+ 48. Kf4 1/2-1/2

[Event "European Blitz Championship 2021"]
[Site "Katowice"]
[Date "2021.12.17"]
[Round "15.3"]
[White "Krzywda, Andrzej"]
[Black "Jagodzinski, Piotr"]
[Result "1-0"]
[WhiteElo "2100"]
[BlackElo "2298"]
[Annotator "NA"]
[PlyCount "165"]
[EventDate "2021.12.17"]
[EventType "swiss"]
[EventCountry "POL"]
[SourceTitle "playchess.com"]
[Source "ChessBase"]
[SourceQuality "1"]

1. e4 c6 2. d4 d5 3. exd5 cxd5 4. Bd3 Nf6 5. c3 Nc6 6. Bf4 Bg4 7. Qb3 Qc8 8.
Nd2 e6 9. Ngf3 Be7 10. O-O O-O 11. Rae1 Bh5 12. Qc2 Bg6 13. Bxg6 hxg6 14. Qd3
Qd7 15. Ng5 Nh5 16. Qh3 Qd8 17. Ndf3 Bxg5 18. Nxg5 Re8 19. Bd2 e5 20. dxe5 Nxe5
21. f4 Nc4 22. Bc1 Qb6+ 23. Kh1 d4 24. Qd7 Rf8 25. Qxd4 Qc7 26. b3 Nd6 27. c4
Nf5 28. Qc3 Rfe8 29. g4 Rxe1 30. Qxe1 Qc6+ 31. Nf3 Re8 32. Qf2 Nf6 33. gxf5
gxf5 34. Qg2 Ng4 35. Ne5 Qe6 36. Rg1 g6 37. Nxg4 fxg4 38. Qxg4 Qe4+ 39. Qg2 Qd3
40. f5 Qxf5 41. Rf1 Qd3 42. Qf3 Qd7 43. Bb2 Re6 44. Qc3 Qc6+ 45. Rf3 f6 46. Qd3
Kf7 47. Kg1 Qe8 48. Rf2 Re1+ 49. Kg2 Qc6+ 50. Qf3 Qxf3+ 51. Rxf3 f5 52. Rf2 Ke6
53. h4 Re4 54. Kh3 Re3+ 55. Kg2 Re4 56. Kg3 Re3+ 57. Rf3 Re2 58. Rf2 Re3+ 59.
Kg2 Re4 60. h5 gxh5 61. Kf3 Kd6 62. Rd2+ Kc6 63. Rd5 Rh4 64. Rxf5 Rh2 65. Bd4
Rxa2 66. Rxh5 a6 67. Rh6+ Kc7 68. Ke4 Ra3 69. Rh7+ Kc6 70. b4 Ra4 71. Rh6+ Kc7
72. Be5+ Kd7 73. Bd6 a5 74. Kd5 axb4 75. Rh7+ Kd8 76. Rxb7 Kc8 77. Rb8+ Kd7 78.
Rb7+ Kc8 79. Rb5 b3 80. Rxb3 Ra1 81. Kc6 Ra6+ 82. Rb6 Ra8 83. c5 1-0

[Event "European Blitz Championship 2021"]
[Site "Katowice"]
[Date "2021.12.17"]
[Round "15.4"]
[White "Pakleza, Zbigniew"]
[Black "Lewtak, Damian"]
[Result "*"]
[WhiteElo "2496"]
[BlackElo "2203"]
[Annotator "ChessBase"]
[PlyCount "135"]
[EventDate "2021.12.17"]
[EventType "swiss"]
[EventCountry "POL"]
[SourceTitle "playchess.com"]
[Source "ChessBase"]
[SourceQuality "1"]

1. d4 Nf6 2. Nf3 d5 3. Bf4 e6 4. e3 Bd6 5. Bg3 c5 6. c3 Qc7 7. Ne5 Nbd7 8. f4
Ne4 9. Nd2 Nxg3 10. hxg3 Nxe5 11. fxe5 Be7 12. Qg4 g6 13. Nf3 Qb6 14. O-O-O Bd7
15. Bd3 O-O-O 16. Ng5 h5 17. Qf4 Bxg5 18. Qxg5 Bb5 19. Bxb5 Qxb5 20. Rdf1 Rd7
21. g4 Qa6 22. a3 Qe2 23. Qf4 Qxg2 24. Rh2 Qe4 25. Qxe4 dxe4 26. gxh5 cxd4 27.
exd4 gxh5 28. Kd2 Kd8 29. Ke3 Ke7 30. Kxe4 Rdd8 31. Rg1 Rh7 32. Rh4 b5 33. Rg5
Rdh8 34. b3 a6 35. c4 bxc4 36. bxc4 Rc8 37. c5 Rb8 38. Rhxh5 Rxh5 39. Rxh5 Rb3
40. Rh8 Rxa3 41. Ra8 Ra1 42. Ra7+ Ke8 43. c6 Rc1 44. Rxa6 Ke7 45. Ra7+ Kd8 46.
Rd7+ Kc8 47. Rxf7 Rxc6 48. Kf4 Rc4 49. Kg5 Rxd4 50. Kf6 Rd1 51. Kxe6 Kd8 52.
Rf8+ Kc7 53. Rh8 Re1 54. Kf6 Kd7 55. Rh7+ Ke8 56. Ke6 Kf8 57. Rb7 Re2 58. Rb8+
Kg7 59. Kd6 Kf7 60. Rb7+ Ke8 61. Ke6 Kf8 62. Ra7 Re1 63. Ra5 Re2 64. Ra8+ Kg7
65. Re8 Re1 66. Kd6 Kf7 67. Re7+ Kf8 68. Ra7 *

[Event "European Blitz Championship 2021"]
[Site "Katowice"]
[Date "2021.12.17"]
[Round "15.4"]
[White "Szczurek, Krzysztof"]
[Black "Przybylski, Wojciech"]
[Result "1-0"]
[WhiteElo "2088"]
[BlackElo "2247"]
[Annotator "NA"]
[PlyCount "157"]
[EventDate "2021.12.17"]
[EventType "swiss"]
[EventCountry "POL"]
[SourceTitle "playchess.com"]
[Source "ChessBase"]
[SourceQuality "1"]

1. e4 e5 2. Nf3 Nc6 3. Bc4 Nf6 4. d3 Be7 5. c3 O-O 6. Nbd2 d6 7. Bb3 Na5 8. Bc2
c5 9. Nf1 Nc6 10. Ng3 d5 11. Qe2 h6 12. O-O Re8 13. h3 Bf8 14. Nh4 g6 15. Bb3
Be6 16. Nf3 Bg7 17. Ba4 Bd7 18. Be3 Qe7 19. Rfe1 a6 20. Bc2 Be6 21. a3 b6 22.
Rad1 Rad8 23. Bc1 Kh7 24. Nh2 b5 25. f4 exf4 26. Bxf4 dxe4 27. dxe4 Nd7 28. Nf3
Nde5 29. Nxe5 Nxe5 30. Qf2 Rd7 31. Be3 Rc8 32. Rxd7 Bxd7 33. Rd1 Bc6 34. Bxc5
Qb7 35. Bd4 Re8 36. Rf1 Kg8 37. Qf4 Qe7 38. Bb3 Nc4 39. Bxc4 bxc4 40. Re1 Qe6
41. Bxg7 Kxg7 42. e5 Rd8 43. Ne4 Rd5 44. Qf6+ Qxf6 45. exf6+ Kf8 46. Ng3 Rd2
47. Re2 Rd1+ 48. Kh2 h5 49. h4 Rd6 50. Rf2 Re6 51. Rf4 Bd5 52. Rd4 Re5 53. Kg1
Ke8 54. Kf2 Kd7 55. Ne2 Kc6 56. Nf4 Rf5 57. Kg3 Be6 58. Nxe6 fxe6 59. Rxc4+ Kd6
60. Ra4 Rxf6 61. Rxa6+ Ke5 62. a4 Ke4 63. Rd6 Ke5 64. Rd2 Rf7 65. b4 Rc7 66.
Rc2 Ke4 67. a5 Kd3 68. Rf2 Kxc3 69. b5 Rc5 70. a6 Rxb5 71. a7 Ra5 72. Rf7 e5
73. Kf3 Kd4 74. Rd7+ Kc5 75. Ke4 Kc6 76. Rg7 Kd6 77. Rxg6+ Ke7 78. Rg5 Rxa7 79.
Rg7+ 1-0

[Event "European Blitz Championship 2021"]
[Site "Katowice"]
[Date "2021.12.17"]
[Round "15.5"]
[White "Praczukowski, Stanislaw"]
[Black "Brzezinski, Mateusz"]
[Result "1/2-1/2"]
[WhiteElo "2069"]
[BlackElo "2201"]
[Annotator "NA"]
[PlyCount "57"]
[EventDate "2021.12.17"]
[EventType "swiss"]
[EventCountry "POL"]
[SourceTitle "playchess.com"]
[Source "ChessBase"]
[SourceQuality "1"]

1. e4 c6 2. d4 d5 3. e5 c5 4. Nf3 Nc6 5. dxc5 Bg4 6. Bb5 e6 7. Be3 Nh6 8. c3
Nf5 9. Bd4 Be7 10. Nbd2 O-O 11. Bxc6 bxc6 12. O-O a5 13. h3 Bxf3 14. Nxf3 Rb8
15. Qd2 Rb5 16. b4 a4 17. a3 Qc7 18. Rae1 Rbb8 19. Be3 Ra8 20. Bf4 Bd8 21. Nd4
Nxd4 22. cxd4 Qb7 23. Re3 Qb5 24. Rg3 Re8 25. Bh6 g6 26. Bg5 Qb8 27. Bf6 Bxf6
28. exf6 Qd8 29. Rf3 1/2-1/2

[Event "European Blitz Championship 2021"]
[Site "Katowice"]
[Date "2021.12.17"]
[Round "15.5"]
[White "Malek, Jan"]
[Black "Schneider, Ilja"]
[Result "0-1"]
[WhiteElo "1838"]
[BlackElo "2486"]
[Annotator "ChessBase"]
[PlyCount "124"]
[EventDate "2021.12.17"]
[EventType "swiss"]
[EventCountry "POL"]
[SourceTitle "playchess.com"]
[Source "ChessBase"]
[SourceQuality "1"]

1. e4 e5 2. Nf3 d6 3. d4 exd4 4. Nxd4 Nf6 5. Nc3 Be7 6. Bc4 O-O 7. Bb3 Re8 8.
O-O Bf8 9. Re1 Nbd7 10. Bg5 h6 11. Bh4 c6 12. h3 a5 13. Qf3 Ne5 14. Qe2 Ng6 15.
Bg3 Bd7 16. a4 Qb6 17. Rad1 d5 18. Qf3 Bc5 19. Nf5 Bxf5 20. Qxf5 Ne7 21. Qf3 d4
22. Ne2 Rad8 23. Nf4 Rf8 24. Nd3 Bb4 25. Re2 Nd7 26. Bh4 Rde8 27. Qg4 Qc7 28.
Nxb4 axb4 29. Rxd4 Ne5 30. Qg3 c5 31. Rdd2 N7g6 32. Bd5 c4 33. f4 Nxh4 34. fxe5
Qb6+ 35. Kh2 Ng6 36. e6 fxe6 37. Qxg6 Qc7+ 38. Qg3 Qxg3+ 39. Kxg3 exd5 40. Rxd5
Ra8 41. Rc5 Rxa4 42. Rxc4 b5 43. Rc5 Ra2 44. b3 Rb8 45. e5 Ra6 46. Re4 Rg6+ 47.
Rg4 Re6 48. Rxb4 Rf8 49. Rcxb5 h5 50. Rf4 Rg6+ 51. Kf3 Rc8 52. c4 Rd8 53. Rd5
Rb8 54. Rd3 Re8 55. Re3 Rb6 56. Rfe4 Rf8+ 57. Kg3 Rg6+ 58. Kh4 Rxg2 59. e6 Rf6
60. e7 Kh7 61. Re5 Rf4+ 62. Kxh5 g6# 0-1

[Event "European Blitz Championship 2021"]
[Site "Katowice"]
[Date "2021.12.17"]
[Round "15.6"]
[White "Tazbir, Marcin"]
[Black "Teclaf, Pawel"]
[Result "0-1"]
[WhiteElo "2508"]
[BlackElo "2543"]
[Annotator "ChessBase"]
[PlyCount "91"]
[EventDate "2021.12.17"]
[EventType "swiss"]
[EventCountry "POL"]
[SourceTitle "playchess.com"]
[Source "ChessBase"]
[SourceQuality "1"]

1. c4 b6 2. Nc3 Bb7 3. Nf3 e6 4. g3 Bb4 5. Bg2 Nf6 6. O-O O-O 7. Qc2 d6 8. d3
Nbd7 9. e4 Ne5 10. Nh4 Nc6 11. a3 Bc5 12. b4 Bd4 13. Nf3 Be5 14. Rb1 d5 15.
Nxe5 Nxe5 16. cxd5 exd5 17. Bf4 Ng6 18. Bg5 dxe4 19. dxe4 Rb8 20. Bxf6 Qxf6 21.
Nd5 Bxd5 22. exd5 Qd6 23. Rbc1 Rfc8 24. Rfd1 Ne5 25. h3 h6 26. Re1 Nd7 27. Re3
Nf6 28. Qc6 Ne8 29. h4 Rd8 30. Qxd6 Rxd6 31. Re7 Kf8 32. Re3 Rd7 33. a4 Nf6 34.
Bh3 Rdd8 35. Bg2 Rd7 36. Rec3 Nxd5 37. Bxd5 Rxd5 38. Rxc7 a5 39. R1c4 Rbd8 40.
b5 Rd4 41. R4c6 R8d7 42. Rxd7 Rxd7 43. Rxb6 Rd4 44. Rb8+ Ke7 45. Ra8 Rxa4 46.
b6 0-1

[Event "European Blitz Championship 2021"]
[Site "Katowice"]
[Date "2021.12.17"]
[Round "15.6"]
[White "Mis, Mieszko"]
[Black "Molenda, Marcin"]
[Result "1/2-1/2"]
[WhiteElo "2200"]
[BlackElo "2097"]
[Annotator "NA"]
[PlyCount "114"]
[EventDate "2021.12.17"]
[EventType "swiss"]
[EventCountry "POL"]
[SourceTitle "playchess.com"]
[Source "ChessBase"]
[SourceQuality "1"]

1. d4 d5 2. c4 c6 3. Nf3 Nf6 4. Qc2 dxc4 5. Qxc4 e6 6. g3 b5 7. Qc2 Bb7 8. Bg2
Nbd7 9. O-O c5 10. dxc5 Bxc5 11. Bg5 Rc8 12. Qb3 Qb6 13. Nc3 Ne4 14. Nxe4 Bxe4
15. Rad1 Qb7 16. Be3 O-O 17. Bxc5 Nxc5 18. Qe3 Na4 19. Rd2 Rfd8 20. Rfd1 Rxd2
21. Qxd2 h6 22. h3 a6 23. Qd4 Bd5 24. Rd2 Rc1+ 25. Kh2 Qc7 26. b3 Nb6 27. e4
Bc6 28. Ne5 Be8 29. Nd3 Rc3 30. Nb4 a5 31. Na6 Qc8 32. Qd8 Qxd8 33. Rxd8 Rc8
34. Rd6 Nd7 35. f4 Kf8 36. e5 Ke7 37. Rd4 Nc5 38. Nxc5 Rxc5 39. Rd6 Rc2 40. Ra6
Rxa2 41. g4 f6 42. Ra7+ Kf8 43. exf6 Bc6 44. fxg7+ Kg8 45. Kg3 Rxg2+ 46. Kh4
Rh2 47. f5 exf5 48. gxf5 Bd5 49. f6 Be6 50. Ra8+ Kh7 51. Rh8+ Kg6 52. g8=Q+
Bxg8 53. Rxg8+ Kxf6 54. Rb8 a4 55. Rxb5 axb3 56. Rxb3 Ra2 57. Rb4 Ke5 1/2-1/2

[Event "European Blitz Championship 2021"]
[Site "Katowice"]
[Date "2021.12.17"]
[Round "15.7"]
[White "Dragnev, Valentin"]
[Black "Demchenko, Anton"]
[Result "1/2-1/2"]
[WhiteElo "2548"]
[BlackElo "2655"]
[Annotator "RC"]
[PlyCount "57"]
[EventDate "2021.12.17"]
[EventType "swiss"]
[EventCountry "POL"]
[SourceTitle "playchess.com"]
[Source "ChessBase"]
[SourceQuality "1"]

1. e4 e5 2. Nf3 Nc6 3. Bb5 a6 4. Ba4 d6 5. O-O Nf6 6. Re1 Bg4 7. h3 Bxf3 8.
Bxc6+ bxc6 9. Qxf3 Be7 10. d3 O-O 11. Nd2 Nd7 12. Nc4 a5 13. a4 Nb6 14. b3 Bg5
15. Bb2 c5 16. Bc3 Nxc4 17. bxc4 Qd7 18. Reb1 Rfb8 19. Bxa5 Rxb1+ 20. Rxb1 g6
21. Bc3 Rxa4 22. Qg4 Qxg4 23. hxg4 Ra2 24. Rb2 Rxb2 25. Bxb2 Kf8 26. Kf1 Ke7
27. Ke2 Ke6 28. Bc3 c6 29. Kf3 1/2-1/2

[Event "European Blitz Championship 2021"]
[Site "Katowice"]
[Date "2021.12.17"]
[Round "15.7"]
[White "Skawinski, Arkadiusz"]
[Black "Karolczuk, Iwo"]
[Result "1/2-1/2"]
[WhiteElo "2184"]
[BlackElo "2093"]
[Annotator "NA"]
[PlyCount "112"]
[EventDate "2021.12.17"]
[EventType "swiss"]
[EventCountry "POL"]
[SourceTitle "playchess.com"]
[Source "ChessBase"]
[SourceQuality "1"]

1. e4 e5 2. Nf3 Nc6 3. Bb5 a6 4. Ba4 Nf6 5. O-O Be7 6. d3 b5 7. Bb3 d6 8. a3
O-O 9. Nc3 Be6 10. Nd5 Na5 11. Ba2 c6 12. Nxf6+ Bxf6 13. Bxe6 fxe6 14. b4 Nb7
15. a4 c5 16. Bd2 Qc7 17. Qb1 cxb4 18. Qxb4 Qxc2 19. axb5 Qxd3 20. bxa6 Nc5 21.
a7 Qxe4 22. Qb6 Be7 23. Qc7 Qb7 24. Qxb7 Nxb7 25. Rfb1 Nc5 26. Be3 e4 27. Bxc5
exf3 28. Be3 fxg2 29. Rb7 Bf6 30. Ra6 d5 31. Rd7 Rfe8 32. Kxg2 h5 33. h3 Kh7
34. Bc5 Kg6 35. Rb6 Rec8 36. Rb5 h4 37. Kf3 Kf5 38. Kg2 Re8 39. Rdb7 Be5 40.
Rf7+ Kg6 41. Rfb7 d4 42. Rd7 Red8 43. Rxd8 Rxd8 44. Ra5 Ra8 45. Kf3 Bc7 46. Ra4
e5 47. Ke4 Kf6 48. Ra6+ Kf7 49. Kd5 d3 50. Be3 Bb8 51. axb8=Q Rxb8 52. Ke4 Rd8
53. Ra2 Ke6 54. Rd2 Rb8 55. Rxd3 Rb4+ 56. Bd4 exd4 1/2-1/2

[Event "European Blitz Championship 2021"]
[Site "Katowice"]
[Date "2021.12.17"]
[Round "15.8"]
[White "Kosakowski, Jakub"]
[Black "Gretarsson, Helgi Ass"]
[Result "1-0"]
[WhiteElo "2340"]
[BlackElo "2476"]
[Annotator "ChessBase"]
[PlyCount "75"]
[EventDate "2021.12.17"]
[EventType "swiss"]
[EventCountry "POL"]
[SourceTitle "playchess.com"]
[Source "ChessBase"]
[SourceQuality "1"]

1. e4 g6 2. d4 Bg7 3. Nf3 d6 4. Bc4 Nf6 5. Qe2 O-O 6. h3 c6 7. e5 Nd5 8. O-O
Bf5 9. Nc3 Nxc3 10. bxc3 d5 11. Bd3 Bxd3 12. cxd3 e6 13. h4 Nd7 14. h5 f6 15.
exf6 Qxf6 16. h6 Bh8 17. Rb1 b6 18. Bg5 Qf5 19. Be7 Rf7 20. Nh4 Qh5 21. Qxh5
gxh5 22. Bg5 e5 23. dxe5 Nxe5 24. d4 Nd3 25. Rbd1 Nf4 26. Rfe1 Raf8 27. Re3 Ng6
28. Re6 Nxh4 29. Bxh4 Bf6 30. Bg3 h4 31. Bh2 Bg5 32. Rf1 Rf6 33. Re7 Rxf2 34.
Rg7+ Kh8 35. Rxf2 Be3 36. Be5 Bxf2+ 37. Kh1 Bg3 38. Rxg3+ 1-0

[Event "European Blitz Championship 2021"]
[Site "Katowice"]
[Date "2021.12.17"]
[Round "15.8"]
[White "Tymrakiewicz, Rafal"]
[Black "Kindler, Przemyslaw"]
[Result "1-0"]
[WhiteElo "2172"]
[BlackElo "2069"]
[Annotator "NA"]
[PlyCount "47"]
[EventDate "2021.12.17"]
[EventType "swiss"]
[EventCountry "POL"]
[SourceTitle "playchess.com"]
[Source "ChessBase"]
[SourceQuality "1"]

1. d4 Nf6 2. Bg5 e6 3. Nd2 d5 4. e3 Be7 5. Bd3 O-O 6. c3 h6 7. Bxf6 Bxf6 8. f4
Re8 9. Ngf3 Nd7 10. O-O c5 11. Ne5 c4 12. Bc2 Nf8 13. Qh5 Re7 14. g4 Rc7 15.
Ndf3 b5 16. g5 hxg5 17. fxg5 g6 18. Qh4 Bg7 19. Ng4 Nh7 20. Rf2 e5 21. dxe5 Be6
22. Nf6+ Nxf6 23. gxf6 Bf8 24. Ng5 1-0

[Event "European Blitz Championship 2021"]
[Site "Katowice"]
[Date "2021.12.17"]
[Round "15.9"]
[White "Plat, Vojtech"]
[Black "Brodowski, Piotr"]
[Result "1/2-1/2"]
[WhiteElo "2548"]
[BlackElo "2335"]
[Annotator "ChessBase"]
[PlyCount "58"]
[EventDate "2021.12.17"]
[EventType "swiss"]
[EventCountry "POL"]
[SourceTitle "playchess.com"]
[Source "ChessBase"]
[SourceQuality "1"]

1. e4 g6 2. d4 Bg7 3. Nc3 d6 4. Bc4 c6 5. a4 Nf6 6. Nf3 O-O 7. Qe2 d5 8. exd5
cxd5 9. Bb3 Nc6 10. h3 Bf5 11. O-O Rc8 12. Bg5 Ne4 13. Be3 Na5 14. Nxe4 Nxb3
15. cxb3 dxe4 16. Ne5 Be6 17. Qb5 Qd5 18. Nc4 b6 19. Rfc1 Qxb5 20. axb5 Rc7 21.
Ra4 Rfc8 22. Rca1 Bxc4 23. bxc4 Rxc4 24. Rxa7 Bxd4 25. Bxd4 Rxd4 26. Rxe7 Rd5
27. Rxe4 Rxb5 28. b4 Rf5 29. Ra2 Rc1+ 1/2-1/2

[Event "European Blitz Championship 2021"]
[Site "Katowice"]
[Date "2021.12.17"]
[Round "15.9"]
[White "Starek, Stanislav"]
[Black "Woloch, Oskar"]
[Result "1-0"]
[WhiteElo "2159"]
[BlackElo "2053"]
[Annotator "NA"]
[PlyCount "58"]
[EventDate "2021.12.17"]
[EventType "swiss"]
[EventCountry "POL"]
[SourceTitle "playchess.com"]
[Source "ChessBase"]
[SourceQuality "1"]

1. d4 c5 2. d5 Nf6 3. Nc3 e5 4. e4 d6 5. Bb5+ Nbd7 6. Nge2 a6 7. Bxd7+ Bxd7 8.
O-O b5 9. Ng3 h5 10. Re1 h4 11. Nf1 Be7 12. f4 h3 13. g3 Bg4 14. Qd2 b4 15. Nb1
exf4 16. Qxf4 Kf8 17. Ne3 Qd7 18. Nd2 Re8 19. Ndc4 Bh5 20. e5 dxe5 21. Nxe5 Qc8
22. N3c4 Nxd5 23. Qf2 Qb7 24. g4 Bh4 25. Qxh4 Ne3 26. Nxe3 Rxe5 27. Qg3 Rg5 28.
Bd2 Qe4 29. Nf5 Qb7 1-0

[Event "European Blitz Championship 2021"]
[Site "Katowice"]
[Date "2021.12.17"]
[Round "15.10"]
[White "Kowalski, Igor"]
[Black "Vetoshko, Volodymyr"]
[Result "1-0"]
[WhiteElo "2276"]
[BlackElo "2525"]
[Annotator "ChessBase"]
[PlyCount "96"]
[EventDate "2021.12.17"]
[EventType "swiss"]
[EventCountry "POL"]
[SourceTitle "playchess.com"]
[Source "ChessBase"]
[SourceQuality "1"]

1. d4 d5 2. c4 e6 3. Nf3 a6 4. e3 Nf6 5. Nc3 dxc4 6. Bxc4 b5 7. Bd3 Bb7 8. O-O
Nbd7 9. Qe2 c5 10. Rd1 cxd4 11. Nxd4 Bc5 12. Nb3 Bb6 13. e4 Qb8 14. Be3 Bxe3
15. Qxe3 O-O 16. Rac1 Ng4 17. Qh3 Nge5 18. Bb1 Nf6 19. f4 Qa7+ 20. Nd4 Rad8 21.
fxe5 Rxd4 22. Kh1 Rxd1+ 23. Rxd1 Ne8 24. Qg3 Qc5 25. Ne2 Bc6 26. Rc1 Qb6 27.
Nf4 Bb7 28. Nh5 Kh8 29. Rd1 g6 30. Nf6 Nxf6 31. exf6 Rd8 32. Rf1 Qd4 33. Qf4
Qd2 34. Qc7 Qd7 35. Qc5 Qd6 36. Qg5 Qd2 37. Qh4 h5 38. h3 Qe2 39. Rf2 Qe1+ 40.
Kh2 Qe3 41. Rf3 Qd2 42. Qg3 Kg8 43. Qc7 Qd7 44. Qf4 Qd2 45. Qc7 Qd6+ 46. Qxd6
Rxd6 47. Rc3 Rc6 48. Rd3 Rc1 1-0

[Event "European Blitz Championship 2021"]
[Site "Katowice"]
[Date "2021.12.17"]
[Round "15.10"]
[White "Baum, Jonasz"]
[Black "Warchol, Kamil"]
[Result "1-0"]
[WhiteElo "2157"]
[BlackElo "1706"]
[Annotator "NA"]
[PlyCount "67"]
[EventDate "2021.12.17"]
[EventType "swiss"]
[EventCountry "POL"]
[SourceTitle "playchess.com"]
[Source "ChessBase"]
[SourceQuality "1"]

1. d4 d6 2. Nf3 Bg4 3. Nbd2 Nd7 4. e4 c6 5. Bc4 e5 6. h3 Bh5 7. c3 Ngf6 8. O-O
Be7 9. Re1 O-O 10. Nf1 d5 11. exd5 e4 12. g4 cxd5 13. gxh5 exf3 14. Bd3 Nxh5
15. Qxf3 Ndf6 16. Ne3 Re8 17. Bb5 Rf8 18. Nf5 Bd6 19. Bg5 Kh8 20. Kh1 h6 21.
Bh4 g5 22. Bg3 Nxg3+ 23. fxg3 Ne4 24. Bd3 Qc7 25. Bxe4 dxe4 26. Rxe4 Rae8 27.
Rae1 Rxe4 28. Rxe4 Kh7 29. Qd3 Kh8 30. c4 b6 31. Kg2 Rc8 32. c5 bxc5 33. dxc5
Bxc5 34. Qc3+ 1-0

[Event "European Blitz Championship 2021"]
[Site "Katowice"]
[Date "2021.12.17"]
[Round "15.11"]
[White "Sumets, Andrey"]
[Black "Szpar, Milosz"]
[Result "0-1"]
[WhiteElo "2527"]
[BlackElo "2285"]
[Annotator "ChessBase"]
[PlyCount "80"]
[EventDate "2021.12.17"]
[EventType "swiss"]
[EventCountry "POL"]
[SourceTitle "playchess.com"]
[Source "ChessBase"]
[SourceQuality "1"]

1. d4 Nf6 2. c4 e6 3. Nf3 c5 4. d5 exd5 5. cxd5 d6 6. Nc3 g6 7. Nd2 Bg7 8. Nc4
O-O 9. Bf4 Nbd7 10. Bxd6 Re8 11. Bg3 Ne4 12. Nxe4 Rxe4 13. e3 Nb6 14. Nd6 Rb4
15. Be2 h5 16. h4 Bg4 17. f3 Bd7 18. Nxb7 Qe7 19. e4 Ba4 20. b3 Qxb7 21. bxa4
Nxd5 22. Qxd5 Qxd5 23. exd5 Bc3+ 24. Kf2 Bd4+ 25. Ke1 Bxa1 26. Bd3 Rd8 27. Kd2
Bg7 28. d6 Bf8 29. Rc1 Bxd6 30. Bxd6 Rxd6 31. Ke2 Rxa4 32. Bc4 Rb4 33. Bb3 Rc6
34. Bd5 Rc7 35. g3 c4 36. Ke3 c3 37. Bb3 a5 38. Rb1 a4 39. Bxf7+ Kxf7 40. Rxb4
c2 0-1

[Event "European Blitz Championship 2021"]
[Site "Katowice"]
[Date "2021.12.17"]
[Round "15.11"]
[White "Stefansson, Hannes"]
[Black "Semjonovs, Ilja"]
[Result "1-0"]
[WhiteElo "2519"]
[BlackElo "2095"]
[Annotator "ChessBase"]
[PlyCount "46"]
[EventDate "2021.12.17"]
[EventType "swiss"]
[EventCountry "POL"]
[SourceTitle "playchess.com"]
[Source "ChessBase"]
[SourceQuality "1"]

1. e4 c5 2. Nf3 d6 3. d4 cxd4 4. Nxd4 Nf6 5. Nc3 a6 6. Be2 e5 7. Nf3 Be7 8. O-O
O-O 9. Bg5 Nbd7 10. a4 Qc7 11. Nd2 b6 12. Nc4 Bb7 13. Ne3 Rfe8 14. Bc4 h6 15.
Bxf6 Nxf6 16. Ncd5 Bxd5 17. Bxd5 Rac8 18. c3 g6 19. Qd3 a5 20. g3 Kg7 21. Kg2
Qc5 22. f3 Nh5 23. Bb3 Bd8 1-0

[Event "European Blitz Championship 2021"]
[Site "Katowice"]
[Date "2021.12.17"]
[Round "15.12"]
[White "Reimanis, Ritvars"]
[Black "Koziorowicz, Michal"]
[Result "1/2-1/2"]
[WhiteElo "2397"]
[BlackElo "2094"]
[Annotator "NA"]
[PlyCount "154"]
[EventDate "2021.12.17"]
[EventType "swiss"]
[EventCountry "POL"]
[SourceTitle "playchess.com"]
[Source "ChessBase"]
[SourceQuality "1"]

1. Nf3 Nf6 2. c4 d6 3. d3 g6 4. Nc3 Bg7 5. Rb1 O-O 6. b4 e5 7. e4 Ne8 8. Be2 f5
9. h4 h6 10. Qb3 Be6 11. h5 g5 12. exf5 Bxf5 13. Be3 c6 14. b5 c5 15. Nd2 Nd7
16. Nde4 Ndf6 17. Bf3 Qe7 18. Nxf6+ Nxf6 19. Nd5 Nxd5 20. Bxd5+ Be6 21. Be4
Rad8 22. b6 a6 23. f3 Kh8 24. Rc1 Rf4 25. a4 Rdf8 26. a5 g4 27. Bxf4 exf4 28.
Kd2 Bd4 29. Kc2 gxf3 30. Bxf3 Bf5 31. Rhe1 Be3 32. Qc3+ Kh7 33. Rcd1 Qd7 34.
Kb3 Be6 35. Be4+ Kg8 36. g3 Bd4 37. Qd2 d5 38. Bxd5 Bxd5 39. cxd5 Qb5+ 40. Ka3
c4 41. dxc4 Bc5+ 42. Ka2 Qxc4+ 43. Kb1 fxg3 44. Qe2 Qb4+ 45. Qb2 Rf2 46. Qxb4
Bxb4 47. Re8+ Kf7 48. Re6 g2 49. Rg6 Bxa5 50. Rg1 Bxb6 51. R1xg2 Rf1+ 52. Kc2
Be3 53. Rg7+ Kf6 54. Rxb7 Rc1+ 55. Kd3 Bg5 56. Rb6+ Ke5 57. Rxa6 Kxd5 58. Ra5+
Ke6 59. Rc2 Rd1+ 60. Ke2 Rd6 61. Rac5 Rd4 62. Ra2 Rd6 63. Kf3 Kf6 64. Ke4 Re6+
65. Kf3 Re3+ 66. Kg2 Re6 67. Rca5 Re3 68. Ra6+ Kf5 69. R2a4 Bf4 70. Kf2 Rb3 71.
Rg6 Rb2+ 72. Kf1 Rb1+ 73. Ke2 Bg5 74. Raa6 Rh1 75. Rxh6 Bxh6 76. Rxh6 Kg5 77.
Rg6+ Kxh5 1/2-1/2